Phocidés du Monde - Statistiques

Statistiques générales
  • Ce quiz a été pris 5 fois
  • Le résultat moyen est 12 sur 18
Statistiques - réponses
Genre Espèce % Correct
Cystofora Phoque à Capuchon
100%
Phoca Phoque Commun
100%
Pagophilus Phoque du Groenland
100%
Halichoerus Phoque Gris
100%
Pusa Phoque Marbré
100%
Histriophoca Phoque Rubané
100%
Mirounga Éléphant de Mer Austral
50%
Mirounga Éléphant de Mer du Nord
50%
Hydrurga Léopard de Mer
50%
Erignathus Phoque Barbu
50%
Lobodon Phoque Crabier
50%
Pusa Phoque de la Caspienne
50%
Ommatophoca Phoque de Ross
50%
Pusa Phoque de Sibérie
50%
Leptonychotes Phoque de Weddell
50%
Monachus Phoque Moine de Méditerranée
50%
Monachus Phoque Moine Hawaïen
50%
Phoca Phoque Tacheté
0%
Aucun quiz correspondant
Distribution des résultats
% des personnes avec chaque résultat
Percentile par nombre de réponses
Votre historique - résultats
Vous n’avez pas pris ce quiz